[Event "World op 53rd"]
[Site "Philadephia"]
[Date "2025.07.05"]
[Round "6"]
[White "Cruz, Cristhian"]
[Black "Pierrot, Juan Facundo"]
[Result "1-0"]
[WhiteElo "2477"]
[BlackElo "2256"]
[PlyCount "89"]
[EventDate "2025.07.03"]
[EventType "swiss"]
[EventRounds "9"]
[EventCountry "USA"]
[SourceTitle "CB28_2025"]
[SourceDate "2025.07.09"]
[SourceVersion "1"]
[SourceVersionDate "2025.07.09"]
[SourceQuality "1"]

1. c4 e6 2. g3 Nf6 3. Bg2 d5 4. Nf3 Be7 5. d4 0-0 6. Nc3 c6 7. 0-0 b6 8. b3 Bb7 9. Bb2 Nbd7 10. Re1 Rc8 11. Rc1 Re8 12. Nd2 c5 13. dxc5 Nxc5 14. b4 d4 15. Nb5 Bxg2 16. Kxg2 Nce4 17. Nxe4 Nxe4 18. a3 a5 19. Qd3 f5 20. bxa5 bxa5 21. Bxd4 Qd7 22. f3 Ng5 23. Bb6 Qc6 24. Bxa5 Bc5 25. Red1 Nf7 26. Qd7 Ne5 27. Qxc6 Rxc6 28. Bc7 Ng6 29. a4 Rc8 30. Rd8+ Rxd8 31. Bxd8 Ra6 32. a5 Ne5 33. Bc7 Nc6 34. Rd1 Bb4 35. Rd7 Bxa5 36. Rd6 Bb4 37. Rxe6 Kf7 38. Nd4 Nb8 39. Re5 Nd7 40. Rxf5+ Nf6 41. Be5 Ra2 42. g4 Bc3 43. g5 Bxd4 44. Bxd4 Kg6 45. gxf6 1-0

[Event "Charlotte Carolinas op"]
[Site "Charlotte"]
[Date "2025.06.15"]
[Round "4"]
[White "Pierrot, Juan Facundo"]
[Black "Bondalapati, Vibhav"]
[Result "1-0"]
[WhiteElo "2253"]
[BlackElo "2010"]
[PlyCount "137"]
[EventDate "2025.06.14"]
[EventType "swiss"]
[EventRounds "5"]
[EventCountry "USA"]
[SourceTitle "CB25_2025"]
[SourceDate "2025.06.18"]
[SourceVersion "1"]
[SourceVersionDate "2025.06.18"]
[SourceQuality "1"]

1. e4 e6 2. d4 d5 3. Nd2 c5 4. exd5 Qxd5 5. dxc5 Bxc5 6. Ngf3 Nc6 7. Bd3 Nf6 8. 0-0 e5 9. Qe2 Bg4 10. h3 Bh5 11. c3 Bg6 12. Bc4 Qd6 13. Nb3 Bb6 14. Be3 Bxe3 15. Qxe3 0-0 16. Rad1 Qc7 17. Nh4 Ne7 18. Nxg6 hxg6 19. Be2 b6 20. Qd3 Rac8 21. Qd6 Nf5 22. Qxc7 Rxc7 23. Rfe1 a5 24. Nd2 Rb8 25. Nc4 e4 26. a4 b5 27. axb5 Rxb5 28. Rd8+ Kh7 29. Ra8 Nd7 30. Rxa5 Rb8 31. Rea1 Rbb7 32. Ra8 Nb6 33. Nxb6 Rxb6 34. R1a2 Rcb7 35. b4 Rc7 36. R2a3 Ne7 37. b5 Nd5 38. c4 Nf4 39. Bf1 Nd3 40. R3a4 Ne5 41. Re8 f6 42. Raa8 g5 43. Rec8 Rcb7 44. Ra6 Rxa6 45. bxa6 Ra7 46. c5 Nd3 47. Rc6 Kg6 48. Bxd3 exd3 49. Kf1 Kf5 50. Rd6 Ke5 51. Ke1 Rc7 52. Rxd3 Ra7 53. Ra3 Kd5 54. Ra5 Ra8 55. Kd2 Kc4 56. c6 Kb4 57. Ra1 Kb5 58. a7 Kxc6 59. Ke3 Kd5 60. Ra5+ Kc6 61. Ke4 Kb6 62. Ra2 Kb7 63. Kf5 Kb6 64. Kg6 Kb7 65. Kxg7 f5 66. g3 f4 67. gxf4 gxf4 68. h4 f3 69. h5 1-0

[Event "Las Vegas National op"]
[Site "Las Vegas"]
[Date "2025.06.07"]
[Round "6"]
[White "Cruz, Cristhian"]
[Black "Pierrot, Juan Facundo"]
[Result "1/2-1/2"]
[WhiteElo "2488"]
[BlackElo "2253"]
[PlyCount "157"]
[EventDate "2025.06.04"]
[EventType "swiss"]
[EventRounds "9"]
[EventCountry "USA"]
[SourceTitle "CB24_2025"]
[SourceDate "2025.06.11"]
[SourceVersion "1"]
[SourceVersionDate "2025.06.11"]
[SourceQuality "1"]

1. c4 e6 2. Nc3 d5 3. d4 Nf6 4. cxd5 exd5 5. Bg5 Be7 6. e3 c6 7. Qc2 Nbd7 8. Bd3 Nh5 9. Bxe7 Qxe7 10. Nf3 Nf4 11. Bf1 Nf6 12. 0-0-0 Ng6 13. Bd3 Bd7 14. Kb1 0-0-0 15. Rc1 Kb8 16. Nd2 Rhe8 17. Ka1 c5 18. dxc5 Qxc5 19. Nb3 Qb6 20. Rhd1 Ne5 21. Be2 Rc8 22. Qd2 Ne4 23. Qe1 Nxc3 24. Rxc3 Be6 25. Rdc1 Rxc3 26. Qxc3 f6 27. Qc2 g6 28. Nd4 Rc8 29. Qd1 Rxc1+ 30. Qxc1 Bd7 31. Qc3 Qc7 32. Qxc7+ Kxc7 33. b3 Nc6 34. Nb5+ Kb6 35. Kb2 a6 36. Nc3 Kc5 37. Bf3 Nb4 38. a3 Nd3+ 39. Kc2 Nxf2 40. Nxd5 Bf5+ 41. Kd2 Ne4+ 42. Bxe4 Bxe4 43. Nxf6 Bxg2 44. Nxh7 Kd5 45. Nf6+ Ke5 46. Ng4+ Ke4 47. h4 Bf1 48. Nf2+ Kf3 49. Nd3 Kg4 50. Nf4 Kf5 51. Kc3 Bb5 52. Kd4 Be8 53. Nd5 Bf7 54. e4+ Kg4 55. Ke5 Kxh4 56. Kf6 Be8 57. Nc7 Bc6 58. Kxg6 Bxe4+ 59. Kf6 Kg4 60. Ke5 Kf3 61. Kd4 Bc2 62. b4 Ke2 63. Ne6 Bf5 64. Nc5 Bc8 65. a4 b6 66. Ne4 Bd7 67. a5 bxa5 68. bxa5 Kf3 69. Nf6 Bb5 70. Nd5 Bf1 71. Nc7 Kf4 72. Kc5 Ke5 73. Kb6 Kd6 74. Nxa6 Bxa6 75. Kxa6 Kc7 76. Ka7 Kc8 77. a6 Kc7 78. Ka8 Kc8 79. a7 1/2-1/2

[Event "Las Vegas National op"]
[Site "Las Vegas"]
[Date "2025.06.06"]
[Round "5"]
[White "Pierrot, Juan Facundo"]
[Black "Flom, Gabriel"]
[Result "1/2-1/2"]
[WhiteElo "2253"]
[BlackElo "2452"]
[PlyCount "100"]
[EventDate "2025.06.04"]
[EventType "swiss"]
[EventRounds "9"]
[EventCountry "USA"]
[SourceTitle "CB24_2025"]
[SourceDate "2025.06.11"]
[SourceVersion "1"]
[SourceVersionDate "2025.06.11"]
[SourceQuality "1"]

1. d4 Nf6 2. c4 e6 3. Nf3 c5 4. d5 d6 5. Nc3 exd5 6. cxd5 g6 7. e4 a6 8. a4 Bg4 9. Be2 Bxf3 10. Bxf3 Bg7 11. 0-0 Nbd7 12. Bf4 Qe7 13. Re1 0-0 14. a5 Ne8 15. Qd2 Nc7 16. Be2 Rfe8 17. Bf1 Bd4 18. Bg5 Qe5 19. Bf4 Qe7 20. Bg5 Qe5 21. Bf4 Qf6 22. Be3 Bxe3 23. Rxe3 Rab8 24. Na4 Nb5 25. Rc1 Rbc8 26. b3 Nd4 27. Nb2 Qg5 28. Qc3 Nf6 29. Rce1 Ng4 30. Rh3 Ne5 31. Nc4 Nxc4 32. bxc4 Re7 33. Rhe3 Rce8 34. g3 f5 35. f4 Qf6 36. Qd3 fxe4 37. Rxe4 Rxe4 38. Rxe4 Rxe4 39. Qxe4 Kf8 40. Qb1 Qe7 41. Kf2 Qc7 42. Qb6 Qe7 43. Bd3 Kg7 44. h4 Kh6 45. Qa7 Qc7 46. Qa8 Qxa5 47. Qf8+ Kh5 48. Be2+ Nxe2 49. Qe7 Kh6 50. Qg5+ Kg7 1/2-1/2

[Event "American Continental 19th"]
[Site "Foz do Iguacu"]
[Date "2025.05.31"]
[Round "11"]
[White "Pierrot, Juan Facundo"]
[Black "Sanhueza, Cristian"]
[Result "1/2-1/2"]
[WhiteElo "2253"]
[BlackElo "2182"]
[PlyCount "26"]
[EventDate "2025.05.23"]
[EventType "swiss"]
[EventRounds "11"]
[EventCountry "BRA"]
[SourceTitle "CB23_2025"]
[SourceDate "2025.06.04"]
[SourceVersion "1"]
[SourceVersionDate "2025.06.04"]
[SourceQuality "1"]

1. d4 Nf6 2. Nf3 c5 3. e3 g6 4. Be2 Bg7 5. b3 0-0 6. Bb2 cxd4 7. Nxd4 Nc6 8. c4 d5 9. cxd5 Nxd4 10. Qxd4 Qxd5 11. Bf3 Qxd4 12. Bxd4 Ng4 13. Bxg7 Kxg7 1/2-1/2

[Event "Villa Martelli ProAm op 31st"]
[Site "Villa Martelli"]
[Date "2024.10.24"]
[Round "6"]
[White "Pierrot, Juan Facundo"]
[Black "Scarsi, Anna Laura"]
[Result "1/2-1/2"]
[WhiteElo "2256"]
[BlackElo "2071"]
[PlyCount "119"]
[EventDate "2024.10.19"]
[EventType "swiss"]
[EventRounds "9"]
[EventCountry "ARG"]
[SourceTitle "CB44_2024"]
[Source "Chessbase"]
[SourceDate "2024.10.30"]
[SourceVersion "1"]
[SourceVersionDate "2024.10.30"]
[SourceQuality "1"]

1. e4 c5 2. Nf3 e6 3. d4 cxd4 4. Nxd4 Nc6 5. Nc3 Qc7 6. Be2 a6 7. Be3 b5 8. Nxc6 dxc6 9. f4 Nf6 10. e5 Nd5 11. Nxd5 cxd5 12. c3 b4 13. Rc1 Qa5 14. cxb4 Bxb4+ 15. Kf2 0-0 16. Qd4 Bd7 17. a3 Be7 18. Bd2 Qa4 19. Qxa4 Bxa4 20. g3 Rfb8 21. b4 Bb5 22. Rc2 Bd8 23. Rhc1 Bb6+ 24. Kf3 Ba4 25. Ra2 h6 26. Bd3 Bb5 27. Ke2 Rc8 28. Rac2 Rcb8 29. Be3 Bxd3+ 30. Kxd3 Bxe3 31. Kxe3 a5 32. Rb1 axb4 33. axb4 Ra3+ 34. Kd4 Ra4 35. Rcb2 Rb5 36. g4 Kh7 37. f5 h5 38. fxe6 fxe6 39. gxh5 Kh6 40. Rg1 Raxb4+ 41. Rxb4 Rxb4+ 42. Kc5 Rb2 43. Rg6+ Kh7 44. Rxe6 Rxh2 45. Re8 d4 46. Kxd4 g5 47. Ke4 Kg7 48. Re7+ Kg8 49. Kf5 Rxh5 50. Ra7 Rh6 51. e6 Kf8 52. Ke5 Rh1 53. Rf7+ Ke8 54. Rf5 Ke7 55. Rf7+ Ke8 56. Rg7 Re1+ 57. Kf6 Rf1+ 58. Kxg5 Rg1+ 59. Kf6 Rxg7 60. Kxg7 1/2-1/2

[Event "Dulles Cherry Blossom op 11th"]
[Site "Dulles"]
[Date "2024.05.27"]
[Round "9"]
[White "Pierrot, Juan Facundo"]
[Black "Grigoryan, Karen H"]
[Result "0-1"]
[WhiteElo "2309"]
[BlackElo "2580"]
[PlyCount "114"]
[EventDate "2024.05.22"]
[EventType "swiss"]
[EventRounds "9"]
[EventCountry "USA"]
[SourceTitle "CBM 220 Extra"]
[Source "ChessBase"]
[SourceDate "2024.07.31"]
[SourceVersion "1"]
[SourceVersionDate "2024.07.31"]
[SourceQuality "1"]

1. d4 Nf6 2. c4 e6 3. Nc3 Bb4 4. Qc2 0-0 5. a3 Bxc3+ 6. Qxc3 d6 7. Nf3 Re8 8. g3 Nc6 9. Bg2 a5 10. b3 e5 11. d5 Ne7 12. Nd2 c6 13. e4 a4 14. 0-0 axb3 15. Nxb3 Ra4 16. Bg5 Ng6 17. dxc6 bxc6 18. Rfd1 Be6 19. Nc5 Rxc4 20. Nxe6 Rxc3 21. Nxd8 Rxd8 22. a4 Rb3 23. a5 Rbb8 24. a6 Nf8 25. a7 Ra8 26. Ra6 Ne6 27. Be3 c5 28. Bf1 Kf8 29. Bc4 Ke7 30. f3 Rd7 31. Rda1 Rb7 32. R6a5 Nc7 33. R1a2 Rb4 34. Bf1 Nd7 35. Bd2 Rb7 36. Kf2 Kd8 37. h4 Kc8 38. f4 Rb6 39. Bh3 Ne6 40. fxe5 Nxe5 41. Bc3 Nc6 42. R5a4 Kb7 43. Bxe6 fxe6 44. Bxg7 Rxa7 45. Rxa7+ Nxa7 46. g4 Rb4 47. Rb2 e5 48. Rxb4+ cxb4 49. Ke3 Nb5 50. Kd3 b3 51. h5 b2 52. Kc2 Nc3 53. Kxb2 Nxe4 54. Bf8 Kc6 55. Be7 Kd7 56. Bh4 Ke6 57. g5 Kf5 0-1

[Event "Dulles Cherry Blossom op 11th"]
[Site "Dulles"]
[Date "2024.05.25"]
[Round "6"]
[White "Pierrot, Juan Facundo"]
[Black "Michelle, Catherina P"]
[Result "1/2-1/2"]
[WhiteElo "2309"]
[BlackElo "2164"]
[PlyCount "161"]
[EventDate "2024.05.22"]
[EventType "swiss"]
[EventRounds "9"]
[EventCountry "USA"]
[SourceTitle "CBM 220 Extra"]
[Source "ChessBase"]
[SourceDate "2024.07.31"]
[SourceVersion "1"]
[SourceVersionDate "2024.07.31"]
[SourceQuality "1"]

1. c4 c5 2. Nc3 Nc6 3. g3 g6 4. Bg2 Bg7 5. Nf3 d6 6. 0-0 e5 7. Ne1 Be6 8. d3 Nge7 9. Nd5 0-0 10. a3 a5 11. Bg5 f6 12. Bd2 Rb8 13. Nxe7+ Nxe7 14. Qa4 b6 15. b4 Bd7 16. Qb3 f5 17. Bg5 h6 18. Bxe7 Qxe7 19. Rb1 Qe8 20. Nc2 f4 21. bxa5 bxa5 22. Qa2 Qe7 23. Rxb8 Rxb8 24. Rb1 Qd8 25. Ne1 Kh7 26. Be4 Rb6 27. Nf3 Bf6 28. Nd2 fxg3 29. hxg3 Bg5 30. e3 a4 31. Kg2 Kg7 32. Bd5 Qb8 33. Rxb6 Qxb6 34. Ne4 Be7 35. Qe2 h5 36. Qf3 Bf5 37. Nc3 Bf6 38. Be4 Be6 39. Nd5 Bxd5 40. Bxd5 Qb3 41. g4 hxg4 42. Qxg4 Qb8 43. Qd7+ Kh6 44. Qxa4 Qc8 45. Qd1 Qf5 46. a4 Bh4 47. Qf3 Bd8 48. Be4 Qg5+ 49. Kf1 Kg7 50. Qh3 Qe7 51. Qg4 Qf7 52. Ke2 Ba5 53. Qc8 Qe7 54. Qa8 Qd8 55. Qc6 Qc7 56. Qb5 Qd8 57. Bd5 Kf6 58. Qb2 Bb4 59. Qa1 Kg7 60. Be4 Ba5 61. Qg1 Qe8 62. Qg5 Bd8 63. Bxg6 Qxa4 64. Qxd8 Qc2+ 65. Kf3 Qd1+ 66. Kg2 Qg4+ 67. Kh2 Qxg6 68. Qd7+ Kf8 69. e4 Qh6+ 70. Qh3 Qf4+ 71. Kg2 Ke7 72. Qg3 Qd2 73. Kh3 Kd7 74. Kg4 Qh6 75. Qe3 Qe6+ 76. Kf3 Qh3+ 77. Ke2 Qh1 78. Qf3 Qc1 79. Qf7+ Kc6 80. Qe8+ Kc7 81. Qe7+ 1/2-1/2